000 00291nam a22001337a 4500
008 170929b xxu||||| |||| 00| 0 eng d
020 _a9780072968903
041 _aeng
080 _213TH
_a37
100 _a47
101 _aEDU
245 _aEDUCATIONAL ISSUES
_cNOLL,J,W
942 _2udc
_cBK
999 _c30658
_d30658